Rozpoznaj grę po recenzji Steam - Statystyki

Ogólne statystyki
  • Ten quiz został rozwiązany 25 razy
  • Średni wynik to 5 z 20
Statystyki odpowiedzi
Recenzja Tytuł gry % Poprawnych
"jakaś baba mi wlazła do domu to usunąłem drzwi do piwnicy i ją tak trzymałem" The sims 4
63%
"rekin wydupcaj" Raft
53%
"można głaskać cerbera" Hades
47%
"zajebiscie ze zrobili gre na podstawie tych postaci z pornosow" Overwatch
37%
"Daughter contracted syphilis. Made her marry my enemy and give him syphilis. 10/10 biological warfare simulator" Crusader kings 2
32%
"Jeżeli tak wygląda piekło, to ciesze się, że jestem grzesznikiem ( ͡° ͜ʖ ͡°)" Helltaker
32%
"Has a lot more "depth" than No Mans Sky. ( ͡° ͜ʖ ͡°)" Subnautica
32%
"I gave my soul to the snail. It kidnapped my family. I needed to buy premium..." Warthunder
32%
"Wyruchałem czarownicę w jaskini na oczach jej dzieci, spaliłem wioskę i wyrżnąłem mieszkańców, upiłem się własnymi eliksirami, wyruchałem prostytutkę, później zagrałem w kości i wygrałem hajs, wyruchałem boginię i kilka miejscowych wieśniaczek." Wiedźmin 1
32%
"Niby kurna w ******** możesz być kim chcesz a zbanowali mnie za propagowanie nienawiści do mniejszości etnicznych" Albion online
26%
"I was Satan, lord of darkness, until I gave a hobo 781 bottles of water and became Jesus." Fallout 3
21%
"AAAHHHH! I NEED A MEDIC BAG!" payday 2
21%
"Gra spoko tylko Hubert Moszku był dla mnie nie miły :(" SCP Secret Laboratory
21%
"Złowiłem latającego minotaura w oceanie drewnianą wędką." Terraria
21%
"-10% za agresje xDdDdDdDdDDDD ja jeźdzę jakimś czołgiem nie do zepchnięcia ale i tak jakiś gokart jebany może mnie wyrzucić za mapę" Grid 2
16%
"NIENAWIDZE ROBAKÓW NIENAWIDZE ROBAKÓW NIENAWIDZE ROBAKÓW NIENAWIDZE ROBAKÓW ALE NAJBARDZIEJ TO NIENAWIDZE TYCH JEBANCH ROBOTÓW" Helldivers 2
16%
"i tried my best to be a good person, but the second i saw how much money you could get for a single kidney my moral compass left my body entirely" Rimworld
16%
"czysta rozpierducha połączona z chaosem. fizyka i sterowanie pojazdami do bani, ale można się przyzwyczaić ;)" Just cause 3
11%
"It's Wei better than I expected" Sleeping dogs
11%
"W jakiej innej serii możesz bić ludzi rowerem, motorem i kanapą?" Yakuza 0
11%
Nie znaleziono quizów pasujących do podanych kryteriów
Rozkład punktacji
Procent ludzi z każdym wynikiem
Percentyl według liczby udzielonych odpowiedzi
Twoja historia wyników
Nie rozwiązałeś tego quizu